Symptoms of Visceral Disease (Record no. 122098)

MARC details
000 -LEADER
campo de control de longitud fija 00488nam a2200145 4500
001 - NÚMERO DE CONTROL
campo de control 122098
003 - IDENTIFICADOR DE NÚMERO DE CONTROL
campo de control ES-MaACL
005 - FECHA Y HORA DE LA ÚLTIMA TRANSACCIÓN
campo de control 20230906191916.0
007 - CAMPO FIJO DE DESCRIPCIÓN FÍSICA--INFORMACIÓN GENERAL
campo de control de longitud fija t|
008 - DATOS DE LONGITUD FIJA--INFORMACIÓN GENERAL
campo de control de longitud fija 070214s1919 xxu r ||||1| eng d
100 1# - ENTRADA PRINCIPAL--NOMBRE DE PERSONA
Nombre de persona Pottenger, Francis Marion.
9 (RLIN) 93389
245 10 - MENCIÓN DEL TÍTULO
Título Symptoms of Visceral Disease
Resto del título : study of the vegetative nervous system in its relationship to clinical medicine /
Mención de responsabilidad, etc. Francis Marion Pottenger.
260 ## - PUBLICACIÓN, DISTRIBUCIÓN, ETC.
Lugar de publicación, distribución, etc. St. Louis :
Nombre del editor, distribuidor, etc. C. V. Mosby,
Fecha de publicación, distribución, etc. 1919.
852 ## - LOCALIZACIÓN
Ubicación ES-MaACL
Número de control de estantería B-11013
Holdings
Estatus retirado Estado de pérdida Estado de daño No para préstamo Biblioteca de origen Biblioteca actual Ubicación en estantería Fecha de adquisición Fuente de adquisición Total de préstamos Signatura topográfica completa Código de barras Visto por última vez Precio de reemplazo Tipo de ítem Koha
        Biblioteca del Ateneo de Madrid Biblioteca del Ateneo de Madrid Sala Pardo Bazán 17/01/2008     B-11013 1127239 23/02/2023 23/02/2023 Libro impreso